| 000 | 01023nas a2200349 4500 | ||
|---|---|---|---|
| 001 | BR0302544 | ||
| 003 | BR-BrBNA | ||
| 005 | 20231205103818.0 | ||
| 007 | ta | ||
| 008 | 230509b bl.|||p| |||| 00| 00por d | ||
| 040 |
_aBR-BrBNA _bpor _cBiblioteca Nacional de Agricultura |
||
| 041 | _a(Pt) | ||
| 072 | _aF02; F62 | ||
| 100 | 1 | _aPuiatti, M. | |
| 100 | 1 | _aKatsumoto, R. | |
| 100 | 1 | _aPereira, F.H.F. | |
| 100 | 1 | _aBarrella, T.P. | |
| 245 | 1 | _aCrescimento de plantas e produção de rizomas de taro `Chinês` em função do tipo de muda | |
| 650 | _aINHAME | ||
| 650 | _aMUDA | ||
| 650 | _aPROPAGAÇÃO VEGETATIVA | ||
| 650 | _aCRESCIMENTO | ||
| 650 | _aPRODUÇÃO VEGETAL | ||
| 650 | _aRENDIMENTO | ||
| 650 | _aCARACTERÍSTICAS AGRONÔMICAS | ||
| 650 | _aVARIEDADE | ||
| 650 | _aRIZOMA | ||
| 650 | _aMINAS GERAIS | ||
| 773 | 0 |
_tHorticultura Brasileira (Brazil) _xISSN 0102-0536 _g(Jan-Mar 2003), v. 21(1) p. 110-115 _wBR0302544 |
|
| 909 |
_a202311 _bLúcia _c55 _dLúcia Elande |
||
| 942 |
_2AGRIS _n0 _cANA |
||
| 999 |
_c174854 _d174854 |
||